000 00378nam a2200133Ia 4500
008 151001s9999||||xx |||||||||||||| ||und||
100 _aअलि सलीम
245 _aएक गौरैया का गिरणा
250 _a1
260 _bनशनल बुक ट्रस्ट मुंबई
260 _c2004
300 _a10
365 _b21
999 _c985929
_d985926